MARC

LEADER 00000nam0a2200000 4500
001 62181
005 20231031063240.0
035 |a (RuTPU)RU\TPU\book\65914 
090 |a 62181 
100 |a 20040405d1962 m y0rusy50 ca 
101 0 |a rus 
102 |a RU 
105 |a a z 000zy 
200 1 |a Сушка и обжиг в промышленности строительной керамики  |f К. А. Нохратян 
210 |a Москва  |c Госстройиздат  |d 1962 
215 |a 604 с.  |c ил. 
610 1 |a керамические изделия 
610 1 |a сушка 
610 1 |a обжиг 
610 1 |a строительная керамика 
610 1 |a теория 
610 1 |a печи 
610 1 |a сушилы 
610 1 |a расчеты 
610 1 |a диаграммы 
610 1 |a тяговые устройства 
610 1 |a автоматическое регулирование 
675 |a 666.3  |v 3 
700 1 |a Нохратян  |b К. А.  |g Корюн Амазаспович 
801 1 |a RU  |b 63413507  |c 20040405  |g PSBO 
801 2 |a RU  |b 63413507  |c 20140226  |g PSBO 
942 |c BK